Вып. 106 : Экономика нефти и газа; Труды [Московского института нефтехимической и газовой промышленности]

Bibliographic Details
Parent link:Труды [Московского института нефтехимической и газовой промышленности]: [сборник]/ Московский институт нефтехимической и газовой промышленности им. И. М. Губкина (МИНХиГП). Вып. 106 : Экономика нефти и газа.— , 1959-
Other Authors: Виноградов В. Н. Владимир Николаевич (редактор)
Language:Russian
Published: Москва, Недра, 1973
Subjects:
Format: Book
KOHA link:https://koha.lib.tpu.ru/cgi-bin/koha/opac-detail.pl?biblionumber=352696

MARC

LEADER 00000nam2a2200000 4500
001 352696
005 20231102010525.0
035 |a (RuTPU)RU\TPU\retro\9432 
035 |a RU\TPU\retro\9422 
090 |a 352696 
100 |a 20200131d1973 k y0rusy50 ca 
101 0 |a rus 
102 |a RU 
105 |a a z 001zy 
200 0 |a Вып. 106 : Экономика нефти и газа  |f отв. ред. В. Н. Виноградов 
210 |a Москва  |c Недра  |d 1973 
215 |a 81 с.  |c ил. 
320 |a Библиогр. в конце ст. 
461 1 |0 (RuTPU)RU\TPU\retro\9257  |t Труды [Московского института нефтехимической и газовой промышленности]  |o [сборник]  |f Московский институт нефтехимической и газовой промышленности им. И. М. Губкина (МИНХиГП)  |v Вып. 106 : Экономика нефти и газа  |d 1959-  
606 1 |a Нефть и газ  |x Добыча  |x Себестоимость  |2 stltpush  |3 (RuTPU)RU\TPU\subj\45905  |9 65094 
606 1 |a Нефтеперерабатывающие заводы  |x Экономика  |2 stltpush  |3 (RuTPU)RU\TPU\subj\33883  |9 55999 
610 1 |a экономика 
610 1 |a эффективность 
610 1 |a поисково-разведочное бурение 
610 1 |a нефть 
610 1 |a газ 
610 1 |a нормативы 
610 1 |a экономическое стимулирование 
610 1 |a магистральные трубопроводы 
610 1 |a капиталовложения 
610 1 |a амортизация 
610 1 |a нефтеперерабатывающие предприятия 
610 1 |a нефтехимические предприятия 
675 |a 622.32  |v 3 
675 |a 665.63.013  |v 3 
702 1 |a Виноградов  |b В. Н.  |g Владимир Николаевич  |4 340 
801 1 |a RU  |b 63413507  |c 20060206  |g PSBO 
801 2 |a RU  |b 63413507  |c 20200225  |g PSBO 
942 |c BK